00258nam a2200109Ia 4500008004100000100002700041245002500068260002400093300000700117942000700124999001700131190216s9999||||xx |||||||||||||| ||und|| aSurya Kanth Thripathi 0aHindi - Kale Karname bSabda Shristic2002 a64 cBK c16942d16942